Most Popular Sports Worldwide - Statistics

General Stats
  • This quiz has been taken 195 times
  • The average score is 7 of 10
Answer Stats
Rank Fans Sport % Correct
1 3.5 Billion Football
100%
7 500 Million Baseball
90%
9 400 Million Basketball
87%
4 1 Billion Tennis
84%
2 2.5 Billion Cricket
80%
3 2 Billion Hockey
75%
10 400 Million American Football
64%
8 450 Million Golf
63%
5 900 Million Volleyball
57%
6 850 Million Table Tennis
35%
No matching quizzes found
Score Distribution
Percent of People with Each Score
Percentile by Number Answered
Your Score History
You have not taken this quiz